|
|
|
|
| LEADER |
00000nam0a2200000 4500 |
| 001 |
269311 |
| 005 |
20231031224418.0 |
| 035 |
|
|
|a (RuTPU)RU\TPU\book\292485
|
| 090 |
|
|
|a 269311
|
| 100 |
|
|
|a 20140917d1917 e y0rusy50 ca
|
| 101 |
0 |
|
|a rus
|
| 102 |
|
|
|a RU
|
| 105 |
|
|
|a y g 000zy
|
| 200 |
1 |
|
|a Таблицы логарифмов и справочник формул и вспомогательных таблиц по курсу элементарной математики
|e пособие для учащихся в средних учебных заведениях
|f А. Воронец
|
| 210 |
|
|
|a Москва
|c Типография Т-ва И. Д. Сытина
|d 1917
|
| 215 |
|
|
|a 228 с.
|
| 225 |
1 |
|
|a Книгоиздательство Т-ва И. Д. Сытина. Отдел средней школы
|
| 610 |
1 |
|
|a логарифмические таблицы
|
| 610 |
1 |
|
|a элементарная математика
|
| 610 |
1 |
|
|a формулы
|
| 610 |
1 |
|
|a вспомогательные таблицы
|
| 610 |
1 |
|
|a алгебра
|
| 610 |
1 |
|
|a справочники
|
| 610 |
1 |
|
|a учебные пособия
|
| 610 |
1 |
|
|a коллекция русских учебников
|
| 675 |
|
|
|a 519.66(075.8)
|v 3
|
| 675 |
|
|
|a 512(075.8)
|v 3
|
| 700 |
|
1 |
|a Воронец
|b А.
|
| 801 |
|
1 |
|a RU
|b 63413507
|c 20140917
|
| 801 |
|
2 |
|a RU
|b 63413507
|c 20150707
|g RCR
|
| 942 |
|
|
|c BK
|